000 00904cab a2200325 4500
001 ABS55151
008 090401t1996 xxu||||| |||| 00| 0 eng d
035 _a(Sirsi) u14536
041 _aeng
245 _aMarket report: Heathrow and Berkshire
260 _c1996
350 _a0
490 _aProperty Week
_v55(5) 2 May 1996, 36-60(12)
650 _aBERKSHIRE
650 _aBRACKNELL
650 _aHEATHROW
650 _aINDUSTRIAL MARKET
650 _aMAIDENHEAD
650 _aNEWBURY
650 _aPROPERTY-COMMERCIAL PROPERTY-OFFICE PROPERTY-OFFICE PROPERTY MARKET
650 _aREADING
650 _aPROPERTY-COMMERCIAL PROPERTY-RETAIL PROPERTY-RETAIL PROPERTY MARKET
650 _aSLOUGH
650 _aTHAMES VALLEY
650 _aWINDSOR
650 _aWOKINGHAM
690 _aPROPERTY-COMMERCIAL PROPERTY-COMMERCIAL PROPERTY MARKET
942 _n0
948 _c04/03/1997
999 _c9483
_d9483